Online
Catalog

Declaración universal de derechos humanos / (Record no. 34745)

MARC details
000 -CABECERA
campo de control de longitud fija 00688nam a2200169 a 4500
001 - NÚMERO DE CONTROL
campo de control 000035254
005 - FECHA Y HORA DE LA ÚLTIMA TRANSACCIÓN
campo de control 20240411202003.0
008 - DATOS DE LONGITUD FIJA--INFORMACIÓN GENERAL
campo de control de longitud fija 111026s1985 ag 000 0 spa d
040 ## - FUENTE DE LA CATALOGACIÓN
Centro catalogador/agencia de origen DO-SdBNP
Lengua de catalogación spa
Centro/agencia transcriptor BNPHU
245 00 - MENCIÓN DE TÍTULO
Título Declaración universal de derechos humanos /
Mención de responsabilidad, etc. precedida de un estudio sobre sus antecedentes, sus principios y su inserción en el mundo contemporáneo, por el profesor Cristóbal R. Garro.
260 ## - PUBLICACIÓN, DISTRIBUCIÓN, ETC.
Lugar de publicación, distribución, etc. [Buenos Aires] :
Nombre del editor, distribuidor, etc. [Ediciones DePalma],
Fecha de publicación, distribución, etc. [1985?].
300 ## - DESCRIPCIÓN FÍSICA
Extensión 78 p. ;
Dimensiones 17 cm.
500 ## - NOTA GENERAL
Nota general Datos del pie de imprenta tomados de Internet.
650 20 - PUNTO DE ACCESO ADICIONAL DE MATERIA--TÉRMINO DE MATERIA
Término de materia o nombre geográfico como elemento de entrada Derechos humanos
9 (RLIN) 658
700 1# - PUNTO DE ACCESO ADICIONAL--NOMBRE DE PERSONA
Nombre de persona Garro, Cristóbal Ricardo
9 (RLIN) 61008
711 2# - PUNTO DE ACCESO ADICIONAL--NOMBRE DE REUNIÓN/CONGRESO
Nombre de congreso/reunión o jurisdicción como elemento de entrada Naciones Unidas
9 (RLIN) 61009
Holdings
Estado de retiro Estado de pérdida Restricciones de uso No para préstamo Código de colección Localización permanente Ubicación/localización actual Ubicación en estantería Fecha de adquisición Número de inventario Total de préstamos Signatura topográfica completa Código de barras Fecha visto por última vez Precio válido a partir de Tipo de ítem Koha
      Excluido de préstamo Monografías: Libros y Folletos General General En catalogación 26.10.2011 LF1   35254-10 25.06.2020 25.06.2020 No se presta

Powered by Koha